000 002600000a22000970004500
100 1 _aGordon, Robert P.
245 1 0 _aInscribed post and Zechariah 14:20-1
300 _aVol. 42, Num. 1 (Enero, 1992), Páginas 120-123
773 0 _tVetus Testamentum
942 _cANA
999 _c57720
_d57720